00276nam a2200121Ia 4500008004100000100001600041245001900057260002500076300000900101650001900110942000800129999001700137190216s9999||||xx |||||||||||||| ||und|| aTripathi Ps 0aIndian History bYoung Man & Coc1985 a151p aIndian History cREF c35683d35683